| 000 | 00837nam a2200277Ia 4500 | ||
|---|---|---|---|
| 001 | Para_8501 | ||
| 003 | CHAP | ||
| 008 | 220125s9999 xx 000 0 und d | ||
| 010 | _a205808 | ||
| 040 | _cCHAP | ||
| 082 | _aPA-C 595.752 A6 | ||
| 100 |
_aPatch, Edith M. _986145 |
||
| 245 |
_aMarooned in a potato field / _c by Edith M. Patch |
||
| 300 | _a15 p. | ||
| 440 |
_aAphidae; 17 _9171935 |
||
| 500 | _aSobretiro de: Scientific montly, 15 (2): 165-179, 1922. Encuadernado con otros impresos similares | ||
| 650 |
_a _x Afididos _x Colecciones de escritos _x Papa _x plagas _9171938 |
||
| 710 |
_aScientific Monthly 15 (2) _9171939 |
||
| 901 | _aPA-C 595.752 A6 | ||
| 902 | _aA | ||
| 905 | _a000000 0000000000 00 | ||
| 910 | _a | ||
| 942 | _cPARA | ||
| 942 |
_cPARA _d1 |
||
| 999 |
_c205808 _d205808 |
||